| 000 | 00448nam a22000977a 4500 | ||
|---|---|---|---|
| 008 | 150616b xxu||||| |||| 00| 0 eng d | ||
| 010 | _8HCCRSF:001 | ||
| 245 | _aHIGH COURT CRIMINAL SESSION No.508 of 1968 Uganda Vs 1.Obalido Okumu 2.Erinkazi Ogwala and 2 others | ||
| 260 | _aHigh Court Kampala | ||
| 500 | _3(Original Criminal Case No. MR.24 of 1968 in the Chief Magistrate's Court of Fort Portal at Masindi. Before - J.N. Kaked, Esq., Magistrate Grade1) | ||
| 999 |
_c6223 _d6223 |
||